Hindi bhasa ka itihas (Record no. 7265)

MARC details
000 -LEADER
fixed length control field 00489cam a2200193ua 4500
008 - FIXED-LENGTH DATA ELEMENTS--GENERAL INFORMATION
fixed length control field 150110n ii |||gr||||Z||||||hin
040 ## - CATALOGING SOURCE
Transcribing agency MAIN
041 ## - LANGUAGE CODE
-- hin
082 ## - DEWEY DECIMAL CLASSIFICATION NUMBER
Classification number 491.43
100 ## - MAIN ENTRY--PERSONAL NAME
Personal name Chaturvedi, R. P.,
Relator term
245 ## - TITLE STATEMENT
Title Hindi bhasa ka itihas
Statement of responsibility, etc. By Rajeswar Prasad Chaturvedi
250 ## - EDITION STATEMENT
Edition statement 1st.
260 ## - PUBLICATION, DISTRIBUTION, ETC.
Place of publication, distribution, etc. Lucknow:
Name of publisher, distributor, etc. Prakashan,
Date of publication, distribution, etc. 1974.
300 ## - PHYSICAL DESCRIPTION
Extent 130p.
942 ## - ADDED ENTRY ELEMENTS (KOHA)
Koha item type Books
653 ## - INDEX TERM--UNCONTROLLED
Uncontrolled term East Indo-European & Celtic languages
653 ## - INDEX TERM--UNCONTROLLED
Uncontrolled term Hindi language
Holdings
Withdrawn status Lost status Damaged status Not for loan Home library Current library Shelving location Date acquired Total Checkouts Full call number Barcode Date last seen Copy number Price effective from Koha item type
        Naharkatiya College Central Library Naharkatiya College Central Library General Stacks 19/09/2020   491.43 | CHA 6620 19/09/2020 2 19/09/2020 Books
        Naharkatiya College Central Library Naharkatiya College Central Library General Stacks 19/09/2020   491.43 | CHA 6621 19/09/2020 1 19/09/2020 Books

Naharkatiya College © 2020. All rights reserved.

Powered By